| 000 | 01944nam a22003137a 4500 | ||
|---|---|---|---|
| 001 | 8700 | ||
| 003 | FISKH | ||
| 005 | 20251013094224.0 | ||
| 008 | 251013b cb ||||| |||| 00| 0 eng d | ||
| 020 | _a9789996301988 | ||
| 040 |
_aFISKH _bkhr _cFISKH _dFISKH |
||
| 050 | _aPZ7 | ||
| 082 | _a920.0596 | ||
| 100 | _aSotheary, Kimsun | ||
| 245 |
_aប្រវត្តិដូនពេញ : _bHistory of lady Penh / _cអ្នកស្រី គឹមស៊ុន សុធារី, លោក ធី ចាន់ថន និងកញ្ញា វ៉ាត ចរិយា |
||
| 260 |
_aPhnom Penh : _bReading Books , _c2013. |
||
| 300 |
_a24 pages : _bcolor illustrations ; _c25 cm . |
||
| 490 | _aពិភពរឿងនិទាន | ||
| 505 | _aR | ||
| 520 | _aនៅឆ្នាំ ១៣៧២ គ.ស. ដូនពេញ បានរកឃើញរូបព្រះពុទ្ធប្រាំអង្គ នៅក្នុងលំដាប់ឈើមួយ។ បន្ទាប់មក អ្នកបានហៅអ្នកជិតខាងមកជួយគ្នាបូមភ្នំនិងសង់សារមន្ទីរមួយ ដើម្បីដាក់រូបព្រះពុទ្ធទាំងនោះ។ ភ្នំនោះត្រូវបានដាក់ឈ្មោះតាមឈ្មោះរបស់ដូន គឺ “ភ្នំពេញ”។ | ||
| 520 | _aIn 1372 AD, Granny Penh found five Buddha statues in the tree trunk; then she gathered her neigbors to mound the hill and built the shrine to place the statues there. That hill was named after her which was call Phnom Penh (Penh mountain) . | ||
| 521 | 8 |
_a700
_bLexile estimate |
|
| 521 | 8 |
_aR
_bRaz-Plus |
|
| 650 | _aប្រវត្តិដូនពេញ | ||
| 650 | _aHistory of lady Penh / | ||
| 700 |
_aVichit, Prom _eIllustrator |
||
| 942 |
_2ddc _cKHB _n0 |
||
| 999 |
_c8700 _d8700 |
||